Záhada jedného obrazu
| Titel: | Záhada jedného obrazu : Maulbertsch, Bergl alebo Palko? : K otázke atribúcie diela a identifikácie portrétovaného pri Takzvanom Autoportréte Maulbertscha v Rakúskej galérii (Österreichische Galerie) vo Viedni (Wien) / Ján Papco |
|---|---|
| Verfasser: | |
| Veröffentlicht: | Bojnice : Slovenské národné múzeum, 2012 |
| Umfang: | 124 S. : überwiegend Ill. |
| Format: | Buch |
| Sprache: | Slowakisch |
| ISBN: | 9788080602987 |
| Hinweise zum Inhalt: |
Inhaltsverzeichnis
|
alg: 33414394 001A $03004:28-11-13 001B $01999:09-06-23 $t21:12:28.000 001C $03004:07-03-14 $t18:31:26.000 001D $03004:07-03-14 001U $0utf8 001X $00 002@ $0Aau 003@ $0334143942 004A $A978-80-8060-298-7 007A $0334143942 $aHEB 007G $0DE0208EF0A5AA6FF849F9C1257C9E00399734 009P $qapplication/pdf $A2 $3Inhaltsverzeichnis $uhttp://scans.hebis.de/HEBCGI/show.pl?33414394_toc.pdf $mV:DE-603;B:DE-Mb50 010@ $aslo 011@ $a2012 013H $0z 021A $aZáhada jedného obrazu $dMaulbertsch, Bergl alebo Palko? : K otázke atribúcie diela a identifikácie portrétovaného pri Takzvanom Autoportréte Maulbertscha v Rakúskej galérii (Österreichische Galerie) vo Viedni (Wien) $hJán Papco 028A $71024486117 $8Papco, Ján$Z1950- [Tp3] $9305907697 033A $pBojnice $nSlovenské národné múzeum 034D $a124 S. 034M $aüberwiegend Ill. 045F $a709.4371 $eDDC23BSB 045F/01 $a709 045F/03 $g4371 045F/03 $g436 045G $a306.09437109033 $eDDC23BSB 045G/01 $a306.09 045G/03 $f09033 045G/03 $g4371 045G/03 $g436 lok: 33414394 24 101B $007-03-14 $t18:29:03.000 101C $007-03-14 101U $0utf8 145Z/01 $a23 9 F 145Z/02 $a20 9 F 145Z/03 $a23 15 P 145Z/04 $a20 15 P exp: 33414394 24 1 #EPN 201B/01 $007-03-14 $t18:29:03.000 201C/01 $028-11-13 201U/01 $0utf8 203@/01 $0723731535 208@/01 $a07-03-14 $bz 209A/01 $a13.10293 $du $f050 $h13 10293 $x00 209C/01 $a13.10293 K $h13 10293 K 209G/01 $a73046793 $x00 220C/01 $akon 244Z/01 $#Palko, Anton Franz $#Palko, František Anton $7121089274 $8--Tp1--Palko, Franz Anton$Z1717-1766 $x01 $908802962X 247C/01 $8358050-7Marburg, Bibliothek des Herder-Instituts Marburg $9102600961
| LEADER | 00000cam a2200000 c 4500 | ||
|---|---|---|---|
| 001 | 334143942 | ||
| 003 | DE-603 | ||
| 005 | 20230609211228.0 | ||
| 007 | tu | ||
| 008 | 131128s2012 xx |||| | u00||u|slo c | ||
| 020 | |a 9788080602987 | ||
| 035 | |a (DE-599)HEB334143942 | ||
| 040 | |a DE-603 |b ger |c DE-603 |d DE-603 | ||
| 041 | |a slo | ||
| 082 | 0 | 4 | |8 1\u |a 709.4371 |q DE-101 |2 23/BSB |
| 083 | 0 | |8 2\u |a 306.09437109033 |q DE-101 |2 23/BSB | |
| 085 | |8 1\u |b 709 | ||
| 085 | |8 1\u |z 2 |s 4371 | ||
| 085 | |8 1\u |z 2 |s 436 | ||
| 085 | |8 2\u |b 306.09 | ||
| 085 | |8 2\u |z 1 |s 09033 | ||
| 085 | |8 2\u |z 2 |s 4371 | ||
| 085 | |8 2\u |z 2 |s 436 | ||
| 100 | 1 | |a Papco, Ján |d 1950- |0 (DE-603)305907697 |0 (DE-588)1024486117 |2 gnd | |
| 245 | 0 | 0 | |a Záhada jedného obrazu |b Maulbertsch, Bergl alebo Palko? : K otázke atribúcie diela a identifikácie portrétovaného pri Takzvanom Autoportréte Maulbertscha v Rakúskej galérii (Österreichische Galerie) vo Viedni (Wien) |c Ján Papco |
| 264 | 1 | |a Bojnice |b Slovenské národné múzeum |c 2012 | |
| 300 | |a 124 S. |b überwiegend Ill. | ||
| 856 | 4 | 2 | |m V:DE-603;B:DE-Mb50 |q application/pdf |u http://scans.hebis.de/HEBCGI/show.pl?33414394_toc.pdf |3 Inhaltsverzeichnis |
| 924 | 0 | |9 Mb 50 |a (DE-603)723731535 |b DE-Mb50 |c HES |d c |g 13.10293 | |


